000 00636nam a2200241Ia 4500
003 OSt
005 20220918214519.0
006 a|||||r|||| 00| 0
007 ta
008 220917b |||||||| |||| 00| 0 eng d
024 _a137,796
037 _cTextual
040 _aARTS
_cARTS
_beng
041 _2eng
_aeng
082 _aY:1v2.D, M9 (Q4)
100 _aBose M L
_9104240
245 0 _aSocial and cultural history of ancient India
260 _aNew Delhi
_bConcept
_c1990
300 _aix,163p.
_ccm.
650 _aSOCIOLOGY
942 _hY:1v2.D, M9 (Q4)
_cTEXL
_2CC
999 _c260873
_d260873